000 00377cam a22001091 4500
008 750425s1956 inua s000 0 eng
100 1 _aVredenburg, Harvey L.,
_d1921-2001.
245 1 0 _aTrading stamps.
260 _a[Bloomington]
_bBureau of Business Research, School of Business, Indiana University
_c[1956]
490 1 _aIndiana business report,
_vno. 21
650 0 _aTrading-stamps.
999 _c3229
_d3229